ČSN ISO 46001 (75 9050) : Systémy managementu efektivního hospodaření s vodou - Požadavky s návodem k použití : Květen, 2021

Gespeichert in:
Bibliographische Detailangaben
Format: Buch
Sprache:Tschechisch
Veröffentlicht: Praha Úřad pro technickou normalizaci, metrologie a státní zkušebnictví 2021
Schlagworte:
Tags: Tag hinzufügen
Keine Tags, Fügen Sie das erste Tag hinzu!

MARC

LEADER 00000nam a22000003a 4500
001 0105507
003 SK-STU
005 20231010133309.5
007 ta
008 231010s ----xo-----e------000-0-----d
040 |a STU  |b slo 
041 0 |a cze 
044 |a xr 
245 1 0 |a ČSN ISO 46001 (75 9050) :  |b Systémy managementu efektivního hospodaření s vodou - Požadavky s návodem k použití : Květen, 2021 
260 |a Praha  |b Úřad pro technickou normalizaci, metrologie a státní zkušebnictví  |c 2021 
300 |a 55 s. 
650 0 7 |a kvalita 
650 0 7 |a manažment 
996 |b 284M089438  |c M* N-1733-1  |l MMKN  |s A  |a 24  |w 0105507_0001